ADAPTATION OF TECHNOLOGY ACCEPTANCE MODEL FOR TECHNOLOGY ENHANCED LEARNING: A META-MODEL FOR APPLICATION IN HEIS/ (Record no. 576899)
[ view plain ]
| 000 -LEADER | |
|---|---|
| fixed length control field | 00560nam a22001457a 4500 |
| 082 ## - DEWEY DECIMAL CLASSIFICATION NUMBER | |
| Classification number | 200 |
| 100 ## - MAIN ENTRY--PERSONAL NAME | |
| Personal name | Hanif Aamer |
| 9 (RLIN) | 124519 |
| 245 ## - TITLE STATEMENT | |
| Title | ADAPTATION OF TECHNOLOGY ACCEPTANCE MODEL FOR TECHNOLOGY ENHANCED LEARNING: A META-MODEL FOR APPLICATION IN HEIS/ |
| Statement of responsibility, etc. | Aamer Hanif |
| 260 ## - PUBLICATION, DISTRIBUTION, ETC. | |
| Place of publication, distribution, etc. | Rawalpindi; |
| Name of publisher, distributor, etc. | NUST COLLEGE OF EME |
| Date of publication, distribution, etc. | 2019. |
| 300 ## - PHYSICAL DESCRIPTION | |
| Extent | 261,p; |
| Other physical details | ill; |
| Dimensions | 30,cm. |
| 650 ## - SUBJECT ADDED ENTRY--TOPICAL TERM | |
| Topical term or geographic name entry element | PhD -ENGINEERING MANAGEMENT |
| 9 (RLIN) | 124516 |
| 700 ## - ADDED ENTRY--PERSONAL NAME | |
| Personal name | Supervisor Dr. Faheem Qaisar Jamal |
| 9 (RLIN) | 69764 |
| 856 ## - ELECTRONIC LOCATION AND ACCESS | |
| Uniform Resource Identifier | <a href=" http://10.250.8.41:8080/xmlui/handle/123456789/19825"> http://10.250.8.41:8080/xmlui/handle/123456789/19825</a> |
| 942 ## - ADDED ENTRY ELEMENTS (KOHA) | |
| Koha item type | Soft Copy |
| Source of classification or shelving scheme | |
| Withdrawn status | Lost status | Damaged status | Not for loan | Permanent Location | Current Location | Shelving location | Date acquired | Total Checkouts | Full call number | Barcode | Date last seen | Price effective from | Koha item type | Source of classification or shelving scheme |
|---|---|---|---|---|---|---|---|---|---|---|---|---|---|---|
| Central Library (CL) | Central Library (CL) | Thesis | 07/15/2024 | 200 | CLPT-187 | 07/15/2024 | 07/15/2024 | Soft Copy | ||||||
| College of Electrical & Mechanical Engineering (CEME) | College of Electrical & Mechanical Engineering (CEME) | Reference | 11/06/2019 | 200 THE | TH-SOF-1623 | 06/28/2021 | 06/28/2021 | Computer Files |
